00000000nam 2200000zi 4500
0019.931975
003CaOODSP
00520250124142837
006m     o  d f      
007cr cn|||||||||
008240103t20242024onca    o    f000 0 fre d
020 |a9780660694559
040 |aCaOODSP|bfre|erda|cCaOODSP
043 |an-cn---
0861 |aT52-4/4-2024F-PDF
24500|aSanté et sécurité au travail à bord des aéronefs.
250 |a[2024 édition].
264 1|a[Ottawa] : |bTransports Canada = Transport Canada, |c2024.
264 4|c©2024
300 |a1 ressource en ligne (1 page non numérotée) : |billustrations
336 |atexte|btxt|2rdacontent/fre
337 |ainformatique|bc|2rdamedia/fre
338 |aressource en ligne|bcr|2rdacarrier/fre
500 |a« (12/2024). »
500 |aTitre de départ.
500 |aPublié aussi en anglais sous le titre : Aviation Occupational Health and Safety on board aircraft.
520 |a« L'objectif principal du Programme de Santé et sécurité au travail aviation (SSTA) est de faire respecter la partie II et IV du Code canadien du travail (le Code) et le règlement connexe qui régissent la santé et la sécurité au travail des employés à bord des aéronefs en service » -- Page [1].
650 6|aIndustrie aéronautique|zCanada|xPersonnel|xDroit.
650 6|aIndustrie aéronautique|xAspect sanitaire|zCanada.
650 6|aIndustrie aéronautique|zCanada|xSécurité|xMesures.
7101 |aCanada. |bTransports Canada, |eorganisme de publication.
77508|tAviation Occupational Health and Safety on board aircraft.|w(CaOODSP)9.931973
795 |tAviation - santé et sécurité au travail à bord des aéronefs |b[2004 édition]|w(CaOODSP)9.674498
85640|qPDF|s566 Ko|uhttps://publications.gc.ca/collections/collection_2025/tc/T52-4-4-2024-fra.pdf
8564 |qHTML|sS.O.|uhttps://tc.canada.ca/fr/aviation/publications/sante-securite-travail-bord-aeronefs-tp-14215
986 |a14215